Documento firmado por Manuel Bonilla (Record no. 4828)

MARC details
000 -CABECERA
campo de control de longitud fija 01289nam a2200289 a 4500
001 - NÚMERO DE CONTROL
campo de control BRCA_5134
005 - FECHA Y HORA DE LA ÚLTIMA TRANSACCIÓN
campo de control 20190320204943.0
008 - DATOS DE LONGITUD FIJA--INFORMACIÓN GENERAL
campo de control de longitud fija 191110s1803----mx-######v---#000-0#spa-#
041 ## - CÓDIGO DE LENGUA
Código de lengua del texto/banda sonora o título independiente spa
044 ## - CÓDIGO DEL PAÍS DE LA ENTIDAD EDITORA/PRODUCTORA
Código MARC del país mx
084 ## - OTRO NÚMERO DE CLASIFICACIÓN
Número de clasificación DOC106
Número de documento/Ítem .B66
-- 1853
100 1# - ENTRADA PRINCIPAL--NOMBRE DE PERSONA
Nombre de persona Bonilla, Manuel
Títulos y otros términos asociados al nombre Militar
Fechas asociadas al nombre 1837?
9 (RLIN) 13110
245 10 - MENCIÓN DE TÍTULO
Título Documento firmado por Manuel Bonilla
Mención de responsabilidad, etc. Manuel Bonilla, Eduardo Goroztiza.
260 ## - PUBLICACIÓN, DISTRIBUCIÓN, ETC.
Lugar de publicación, distribución, etc. México
Fecha de publicación, distribución, etc. 1853
300 ## - DESCRIPCIÓN FÍSICA
Extensión [2] fojas
Dimensiones 31 x 21 cm
500 ## - NOTA GENERAL
Nota general Documento firmado el 8 de julio de 1853
500 ## - NOTA GENERAL
Nota general Bonilla escribe al Ministerio de Hacienda comunícandole que es necesario ahora alguna cantidad a Eduardo Goroztiza que ha llegado ya a México por conceptos de viáticos
500 ## - NOTA GENERAL
Nota general El documento contiene la leyenda DOC. #270
500 ## - NOTA GENERAL
Nota general Estado de conservación: Contiene manchas de acidificación
506 0# - NOTA DE RESTRICCIONES AL ACCESO
Limitaciones de acceso Fondo reservado: para su consulta es necesario credencial de usuario y carta de motivos
546 ## - NOTA DE LENGUA/LENGUAJE
Nota de lengua/lenguaje Texto en: español de mediados del siglo XIX
600 14 - PUNTO DE ACCESO ADICIONAL DE MATERIA--NOMBRE DE PERSONA
Nombre de persona Bonilla, Manuel
Títulos y otros términos asociados al nombre Militar
Fechas asociadas al nombre 1837?
9 (RLIN) 13110
650 14 - PUNTO DE ACCESO ADICIONAL DE MATERIA--TÉRMINO DE MATERIA
Término de materia o nombre geográfico como elemento de entrada Relaciones internacionales
Subdivisión de forma Manuscrito
Subdivisión general Historia
Subdivisión cronológica Federalismo y centralismo, 1824-1853
Subdivisión geográfica México
9 (RLIN) 13111
700 1# - PUNTO DE ACCESO ADICIONAL--NOMBRE DE PERSONA
Nombre de persona Goroztiza y Cepeda, Manuel María del Pilar Eduardo
Fechas asociadas al nombre 1789-1851
9 (RLIN) 13112
902 ## - CATALOGADOR
Iniciales FDH
942 ## - ELEMENTOS DE PUNTO DE ACCESO ADICIONAL (KOHA)
Fuente del sistema de clasificación o colocación Library of Congress Classification
Tipo de ítem Koha Documentos
Holdings
Estado de retiro Estado de pérdida Estado dañado No para préstamo Localización permanente Ubicación/localización actual Fecha de adquisición Total de préstamos Signatura topográfica completa Código de barras Fecha visto por última vez Precio válido a partir de Tipo de ítem Koha
El ejemplar forma parte de la colección y puede ser consultado según las políticas vigentes.       Biblioteca del Museo Franz Mayer (Rogerio Casas-Alatriste) Biblioteca del Museo Franz Mayer (Rogerio Casas-Alatriste) 19/11/2010   DOC106 .B66 1853 5478 22/03/2019 22/03/2019 Documentos